Bradley Cooper Movies! - Statistics

General Stats
  • This quiz has been taken 36 times
    30 since last reset
  • The average score is 16 of 52
Answer Stats
Hint Answer % Correct
2009 The Hangover
96%
2018 A Star is Born
71%
2014 Guardians of the Galaxy
71%
2017 Guardians of the Galaxy Vol. 2
63%
2011 The Hangover Part II
63%
2013 The Hangover Part III
63%
2013 American Hustle
58%
2018 Avengers: Infinity War
58%
2019 Avengers: Endgame
54%
2023 Guardians of the Galaxy Vol. 3
54%
2011 Limitless
54%
2012 Silver Linings Playbook
54%
2015 American Sniper
42%
2015 Joy
38%
2015 Burnt
33%
TBD Maestro
33%
2010 The A-Team
33%
2022 The Guardians of the Galaxy Holiday Special
33%
2021 Licorice Pizza
29%
2021 Nightmare Alley
29%
2014 Serena
29%
2005 Wedding Crashers
29%
2009 All About Steve
25%
2015 Aloha
25%
2009 He's Just Not That Into You
25%
2012 The Words
25%
2022 Thor: Love and Thunder
25%
2010 Valentine's Day
25%
2018 The Mule
21%
2016 War Dogs
21%
2001 Wet Hot American Summer
21%
2002 Bending All the Rules
17%
2009 Case 39
17%
2006 Failure to Launch
17%
2012 Hit and Run
17%
2008 The Midnight Meat Train
17%
2012 The Place Beyond the Pines
17%
2008 Yes Man
17%
2016 10 Cloverfield Lane
13%
2015 Baby, Baby, Baby
13%
2002 My Little Eye
13%
2008 New York, I Love You
13%
2008 Older Than America
13%
2004 I Want to Marry Ryan Banks
8%
2019 Joker
8%
2017 Thank You For Your Service
8%
2007 The Comebacks
8%
TBD The Fixers
8%
2003 The Last Cowboy
8%
2008 The Rocker
8%
TBD Untitled Hulk Hogan Biopic
8%
2000 Wall to Wall Records
8%
No matching quizzes found
Score Distribution
Percent of People with Each Score
Percentile by Number Answered
Your Score History
You have not taken this quiz since the last reset